| 000 | 01116cgm a2200241 4500 | ||
|---|---|---|---|
| 001 | 3834 | ||
| 005 | 20181127172102.0 | ||
| 007 | vd cvaizu | ||
| 008 | 110217s2009 bg 123 g vlben | ||
| 010 | _a 2011312460 | ||
| 041 |
_aben _jeng |
||
| 043 | _aa-bg--- | ||
| 245 | 0 | 0 |
_aThirda parasana singulara nambara = _bThird person singular number / _cFahim Music prayojita ; citranatya, paricalana, Mostapha Sarayara Pharuki. |
| 246 | 3 | _aThird person singular number | |
| 260 |
_aDhaka : _bFahim Music, _c2009. |
||
| 300 |
_a1 videodisc (DVD) (ca. 123 min.) : _bsd., col. ; _c4 3/4 in. |
||
| 500 | _aCopyright notice on disc: Fahim Music. | ||
| 500 | _aOriginally released theatrically in 2009. | ||
| 508 | _aSamgita, Habiba ; citragrahana, Subrata Ripana. | ||
| 511 | 1 | _aNusrat Imroz Tisha, Mosharraf Karim, Rashed Uddin Ahmed Topu, Abul Hayat. | |
| 520 | _aA woman breaks with traditional Muslim culture by living with her boyfriend before getting married, but when the relationship ends, she must face the harsh consequences of being an outcast in her community. | ||
| 546 | _aIn Bengali with English subtitles. | ||
| 999 |
_c3138 _d3138 |
||